[Event "España tch - Primera División Grupo 1"]
[Site "Burguillos ESP"]
[Date "2008.08.16"]
[Round "5.84"]
[White "Torres Garrigos, David"]
[Black "Diaz Montenegro, Ignacio"]
[Result "1-0"]
[PlyCount "53"]
[EventDate "2008.08.13"]
[EventType "team"]
[EventCountry "ESP"]
[Source "lmi"]
[SourceDate "2008.08.13"]
[WhiteElo "2180"]
[BlackElo "2002"]

1. d4 d5 2. c4 c6 3. Nc3 e6 4. e4 dxe4 5. Nxe4 Nf6 6. Nxf6+ Qxf6 7. Nf3 Bb4+ 8.
Bd2 Bxd2+ 9. Qxd2 O-O 10. Bd3 Nd7 11. O-O-O Rd8 12. Rhe1 b6 13. Be4 Bb7 14. g4
Nc5 15. Qe3 Nxe4 16. Qxe4 Qe7 17. Re3 a5 18. h4 a4 19. Ng5 g6 20. Rf3 Rf8 21.
Qe5 Ra5 22. c5 Qd8 23. Ne4 Qb8 24. Nf6+ Kh8 25. Qg5 Kg7 26. Nh5+ Kg8 27. Qf6
1-0

[Event "España tch - Primera División Grupo 1"]
[Site "Burguillos ESP"]
[Date "2008.08.17"]
[Round "6.11"]
[White "Macieja, Bartlomiej"]
[Black "Baklan, Vladimir"]
[Result "1/2-1/2"]
[PlyCount "127"]
[EventDate "2008.08.13"]
[EventType "team"]
[EventCountry "ESP"]
[Source "lmi"]
[SourceDate "2008.08.13"]
[WhiteElo "2606"]
[BlackElo "2630"]

1. Nf3 Nf6 2. c4 g6 3. Nc3 Bg7 4. g3 O-O 5. Bg2 d6 6. O-O Nc6 7. Rb1 a5 8. a3
e5 9. d3 h6 10. b4 axb4 11. axb4 Be6 12. Nd2 Qd7 13. Nd5 Ne8 14. Bb2 Nd8 15.
Ra1 Rb8 16. Qa4 Qxa4 17. Rxa4 b5 18. cxb5 Rxb5 19. Ne7+ Kh7 20. Ra8 Nf6 21. Ba3
Bd7 22. Rc1 Ne6 23. Ra7 Re8 24. Nc6 Rb6 25. e3 Kh8 26. Nc4 Bxc6 27. Nxb6 Bxg2
28. Kxg2 cxb6 29. Rc6 Rb8 30. b5 Nc5 31. Rxd6 Ne8 32. Rd5 Bf8 33. Rxf7 Kg8 34.
Ra7 Nf6 35. Rxe5 Bd6 36. Re6 Nxe6 37. Bxd6 Rd8 38. Be5 Nd7 39. Ba1 Ndf8 40. d4
Rd7 41. Ra8 Nc7 42. Rb8 Nxb5 43. Rxb6 Nd6 44. Bc3 Nc8 45. Rb8 Rc7 46. Ba5 Rc2
47. Kf3 Kf7 48. Rb7+ Ke8 49. e4 Ne6 50. d5 Ng5+ 51. Ke3 Nxe4 52. Rg7 Nf6 53.
Rxg6 Kf7 54. Rxh6 Ng4+ 55. Kd3 Rxf2 56. Rh7+ Kg6 57. Rc7 Nd6 58. Bb4 Rf3+ 59.
Ke2 Re3+ 60. Kf1 Ne4 61. Rc2 Rb3 62. Bc5 Rd3 63. Bg1 Rxd5 64. Kg2 1/2-1/2

[Event "España tch - Primera División Grupo 1"]
[Site "Burguillos ESP"]
[Date "2008.08.17"]
[Round "6.12"]
[White "Babula, Vlastimil"]
[Black "Wojtaszek, Radoslaw"]
[Result "1/2-1/2"]
[PlyCount "52"]
[EventDate "2008.08.13"]
[EventType "team"]
[EventCountry "ESP"]
[Source "lmi"]
[SourceDate "2008.08.13"]
[WhiteElo "2597"]
[BlackElo "2593"]

1. d4 Nf6 2. c4 e6 3. Nc3 Bb4 4. e3 O-O 5. Bd3 d5 6. Nf3 c5 7. O-O Nc6 8. cxd5
exd5 9. dxc5 Bxc5 10. b3 Bg4 11. Bb2 a6 12. h3 Bh5 13. Rc1 Ba7 14. Be2 Rc8 15.
Nh4 Bg6 16. Nxg6 hxg6 17. Bf3 d4 18. exd4 Bxd4 19. Rc2 Be5 20. Rd2 Qa5 21. Bxc6
Rxc6 22. Nd5 Re6 23. Bxe5 Rxe5 24. Ne3 Re6 25. Nc4 Qc5 26. Rd6 Rfe8 1/2-1/2

[Event "España tch - Primera División Grupo 1"]
[Site "Burguillos ESP"]
[Date "2008.08.17"]
[Round "6.13"]
[White "Arizmendi Martinez, Julen Luis"]
[Black "Martinez Martin, David"]
[Result "1/2-1/2"]
[PlyCount "101"]
[EventDate "2008.08.13"]
[EventType "team"]
[EventCountry "ESP"]
[Source "lmi"]
[SourceDate "2008.08.13"]
[WhiteElo "2524"]
[BlackElo "2415"]

1. d4 d5 2. c4 c6 3. Nc3 Nf6 4. Nf3 dxc4 5. e3 b5 6. a4 Qb6 7. axb5 cxb5 8. b3
e6 9. bxc4 Bb4 10. Bd2 bxc4 11. Bxc4 O-O 12. O-O a5 13. Qe2 Ba6 14. Na4 Bxc4
15. Qxc4 Qc6 16. Rfc1 Qxc4 17. Rxc4 Bxd2 18. Nxd2 Nbd7 19. e4 Rfb8 20. f3 Ne8
21. Kf2 Kf8 22. Rc6 Rb4 23. Nc4 Rd8 24. Nab2 Nb8 25. Rc5 Rxd4 26. Raxa5 Rd8 27.
Ra8 Ke7 28. Kg3 Nd7 29. Ra7 Ra8 30. Rxa8 Nxc5 31. Rc8 Nd7 32. Nd3 Nb6 33. Nxb4
Nxc8 34. Nc6+ Kd7 35. N6e5+ Ke7 36. Nc6+ Kd7 37. N6e5+ Ke7 38. f4 Ncd6 39. Nc6+
Kd7 40. N6e5+ Ke7 41. Kf3 Nxc4 42. Nxc4 Nd6 43. Nd2 f5 44. e5 Nb5 45. Ke3 Nc3
46. g3 h6 47. Kd4 Ne2+ 48. Ke3 Nc3 49. Kd3 Nd1 50. Nf3 Nf2+ 51. Ke3 1/2-1/2

[Event "España tch - Primera División Grupo 1"]
[Site "Burguillos ESP"]
[Date "2008.08.17"]
[Round "6.14"]
[White "Antoli Royo, Joaquin Miguel"]
[Black "Sanchez Guirado, Francisco"]
[Result "1-0"]
[PlyCount "96"]
[EventDate "2008.08.13"]
[EventType "team"]
[EventCountry "ESP"]
[Source "lmi"]
[SourceDate "2008.08.13"]
[WhiteElo "2441"]
[BlackElo "2415"]

1. e4 d6 2. d4 Nf6 3. Nc3 g6 4. Nf3 Bg7 5. Be2 O-O 6. O-O c6 7. a4 a5 8. Be3
Na6 9. h3 Nb4 10. Nd2 Qc7 11. Ncb1 c5 12. dxc5 dxc5 13. c3 Na6 14. Na3 Rd8 15.
Qc2 b6 16. Ndc4 Bb7 17. Nb5 Qb8 18. Bf3 Bc6 19. Rfe1 Nd7 20. Kh1 Qb7 21. Bf4
Nf8 22. Bg3 Ne6 23. h4 Nac7 24. Qb3 Ne8 25. Bg4 Nf8 26. Bf3 Ne6 27. Nba3 Ra6
28. Kg1 Nf6 29. Qc2 h5 30. Ne5 Be8 31. Qb3 Kh7 32. Nxg6 Kxg6 33. e5 Bc6 34.
exf6 Bxf6 35. Bxc6 Qxc6 36. Nc4 Ng7 37. Qc2+ Nf5 38. Rxe7 b5 39. Ne5+ Bxe5 40.
Rxe5 Qd7 41. axb5 Rb6 42. Rxc5 Rxb5 43. Rxb5 Qxb5 44. Bc7 Re8 45. Rxa5 Re1+ 46.
Kh2 Qd7 47. Bf4 Kf6 48. b4 Ng7 1-0

[Event "España tch - Primera División Grupo 1"]
[Site "Burguillos ESP"]
[Date "2008.08.17"]
[Round "6.21"]
[White "Cramling, Pia"]
[Black "Perez Garcia, Rodney"]
[Result "1-0"]
[PlyCount "93"]
[EventDate "2008.08.13"]
[EventType "team"]
[EventCountry "ESP"]
[Source "lmi"]
[SourceDate "2008.08.13"]
[WhiteElo "2544"]
[BlackElo "2432"]

1. d4 d5 2. Nf3 Nf6 3. c4 c6 4. Qc2 dxc4 5. Qxc4 Bf5 6. g3 e6 7. Bg2 Nbd7 8.
Nc3 Be7 9. Qb3 Qb6 10. Nd2 O-O 11. Nc4 Qa6 12. e4 Bg6 13. Bg5 Rfe8 14. e5 Nd5
15. Bxe7 Rxe7 16. O-O Nxc3 17. Qxc3 Nb6 18. Nd6 Nc8 19. Nc4 Nb6 20. Ne3 Qd3 21.
Qb4 Rd7 22. Rfd1 Qe2 23. a4 Nd5 24. Nxd5 exd5 25. Re1 a5 26. Qc3 Qc4 27. Ra3
Qxc3 28. Rxc3 Bf5 29. Bf1 g5 30. Rf3 Be4 31. Rf6 Re8 32. Rc1 Kg7 33. f3 Bg6 34.
Kf2 Rdd8 35. f4 gxf4 36. gxf4 Be4 37. Bh3 Re7 38. f5 Kh8 39. Ke3 Ra8 40. Kf4
Ra6 41. Rg1 Ra8 42. Rg5 Rg8 43. Rxg8+ Kxg8 44. Rd6 Re8 45. Rd7 b5 46. Bg4 Kf8
47. Kg5 1-0

[Event "España tch - Primera División Grupo 1"]
[Site "Burguillos ESP"]
[Date "2008.08.17"]
[Round "6.23"]
[White "Gonzalez Somoza, Oliver"]
[Black "Razmyslov, Alexander"]
[Result "1-0"]
[PlyCount "128"]
[EventDate "2008.08.13"]
[EventType "team"]
[EventCountry "ESP"]
[Source "lmi"]
[SourceDate "2008.08.13"]
[WhiteElo "2357"]
[BlackElo "2387"]

1. d4 e6 2. c4 Nf6 3. Nf3 b6 4. g3 Ba6 5. Qb3 Nc6 6. Bd2 Rb8 7. Bg2 b5 8. c5 b4
9. a3 bxa3 10. Qxa3 Bc4 11. Nc3 Rb3 12. Qa4 Rb4 13. Qa3 Qb8 14. O-O Be7 15.
Rfc1 O-O 16. Nd1 Rb3 17. Qa4 Bxe2 18. Bc3 Nd5 19. Nd2 Rb5 20. Ne3 Ndb4 21. Bxc6
dxc6 22. Qxa7 Qd8 23. Re1 Bh5 24. Ra5 Rb8 25. Ra4 Nd3 26. Rea1 Nxb2 27. Bxb2
Rxb2 28. Ndc4 Re2 29. Ne5 Bg5 30. Qa8 Bxe3 31. Qxd8 Bxf2+ 32. Kf1 Rxd8 33. Ra8
Rf8 34. Nd7 h6 35. Nxf8 Be3 36. Nxe6+ Kh7 37. Nf8+ Kg8 38. Nd7+ Kh7 39. R1a2
Rxa2 40. Rxa2 Bxd4 41. Ra4 Bc3 42. g4 Bg6 43. Ke2 Bb1 44. Nf8+ Kg8 45. Ra8 g5
46. Ne6+ Kh7 47. Nxc7 Be5 48. Ne8 Bxh2 49. Nf6+ Kg6 50. Ng8 Be4 51. Ne7+ Kg7
52. Ra4 Bh1 53. Ra3 Bg2 54. Kf2 Be4 55. Re3 Bc2 56. Nxc6 h5 57. Nd4 Bb1 58. Re1
Bd3 59. gxh5 Kh6 60. Re3 Bb1 61. c6 g4 62. Re7 Bd3 63. Rxf7 Be4 64. Ne2 Bd5 1-0

[Event "España tch - Primera División Grupo 1"]
[Site "Burguillos ESP"]
[Date "2008.08.17"]
[Round "6.23"]
[White "Perez Pardo, Juan Carlos"]
[Black "Gonzalez Menendez, Ivan"]
[Result "1/2-1/2"]
[PlyCount "56"]
[EventDate "2008.08.13"]
[EventType "team"]
[EventCountry "ESP"]
[Source "lmi"]
[SourceDate "2008.08.13"]
[WhiteElo "2300"]
[BlackElo "2406"]

1. d4 d5 2. Nf3 Nf6 3. c4 e6 4. g3 Be7 5. Bg2 O-O 6. O-O dxc4 7. Qa4 a6 8. Qxc4
b5 9. Qc2 Bb7 10. Bd2 Qc8 11. Rc1 Bd6 12. b4 Nbd7 13. a3 Be4 14. Qd1 Nd5 15.
Nc3 Nxc3 16. Bxc3 Nb6 17. Ng5 Bxg2 18. Qd3 g6 19. Kxg2 Qb7+ 20. Kg1 Na4 21. Bd2
Nb2 22. Qe4 Qxe4 23. Nxe4 Nc4 24. Bh6 Rfc8 25. Nd2 Nb6 26. Nb3 Nc4 27. Nd2 Nb6
28. Nb3 Nc4 1/2-1/2

[Event "España tch - Primera División Grupo 1"]
[Site "Burguillos ESP"]
[Date "2008.08.17"]
[Round "6.24"]
[White "Suarez Real, Alberto"]
[Black "Naranjo Moreno, Antonio"]
[Result "1-0"]
[PlyCount "61"]
[EventDate "2008.08.13"]
[EventType "team"]
[EventCountry "ESP"]
[Source "lmi"]
[SourceDate "2008.08.13"]
[WhiteElo "2401"]
[BlackElo "2286"]

1. e4 e5 2. Nf3 Nc6 3. d4 exd4 4. Nxd4 Nf6 5. Nxc6 bxc6 6. e5 Qe7 7. Qe2 Nd5 8.
c4 Ba6 9. b3 O-O-O 10. g3 Re8 11. Bb2 g6 12. Nd2 Bg7 13. O-O-O Nb6 14. f4 f6
15. Nf3 fxe5 16. Nxe5 d6 17. Qg4+ Kb7 18. Nd3 Qe3+ 19. Kb1 Bxb2 20. Nxb2 d5 21.
cxd5 Nxd5 22. Bxa6+ Kxa6 23. Rc1 Re6 24. Rc4 Nb6 25. Rc2 Rd8 26. Rhc1 Qe4 27.
Qh3 Nd5 28. Na4 Ka5 29. Nc5 Nc3+ 30. Kb2 Qd4 31. Nxe6 1-0

[Event "España tch - Primera División Grupo 1"]
[Site "Burguillos ESP"]
[Date "2008.08.17"]
[Round "6.31"]
[White "Teran Alvarez, Ismael"]
[Black "Almagro Llamas, Pablo"]
[Result "1/2-1/2"]
[PlyCount "49"]
[EventDate "2008.08.13"]
[EventType "team"]
[EventCountry "ESP"]
[Source "lmi"]
[SourceDate "2008.08.13"]
[WhiteElo "2442"]
[BlackElo "2492"]

1. e4 c6 2. d4 d5 3. e5 Bf5 4. Nf3 e6 5. Be2 Nd7 6. O-O Nh6 7. Nbd2 Bg6 8. c3
Be7 9. Ne1 c5 10. Ndf3 Nf5 11. Nd3 cxd4 12. cxd4 Bh5 13. Nf4 Bxf3 14. Bxf3 Qb6
15. Bg4 Qxd4 16. Bxf5 Qxd1 17. Rxd1 exf5 18. Nxd5 Bd8 19. Ne3 Nxe5 20. Nxf5 O-O
21. Bd2 Bf6 22. Bc3 Ng4 23. Bxf6 Nxf6 24. f3 Rfd8 25. Kf2 1/2-1/2

[Event "España tch - Primera División Grupo 1"]
[Site "Burguillos ESP"]
[Date "2008.08.17"]
[Round "6.33"]
[White "Garrido Dominguez, Jesus"]
[Black "Perez De Aranda, Leonardo Ivan"]
[Result "1-0"]
[PlyCount "75"]
[EventDate "2008.08.13"]
[EventType "team"]
[EventCountry "ESP"]
[Source "lmi"]
[SourceDate "2008.08.13"]
[WhiteElo "2324"]
[BlackElo "2233"]

1. e4 c5 2. Nf3 d6 3. d4 cxd4 4. Nxd4 Nf6 5. Nc3 a6 6. Bg5 e6 7. f4 Be7 8. Qf3
Nbd7 9. O-O-O Qc7 10. g4 h6 11. Bxf6 Bxf6 12. h4 b5 13. Bxb5 axb5 14. Ndxb5 Qc6
15. Rxd6 Qc5 16. e5 Rxa2 17. Nxa2 Qxb5 18. exf6 Bb7 19. Qc3 Nxf6 20. Rhd1 O-O
21. Qb4 Qxb4 22. Nxb4 Bf3 23. R1d4 Nxg4 24. Nd3 Ne3 25. Rd8 Nf5 26. Rxf8+ Kxf8
27. Rd7 Nxh4 28. Ne5 Bh5 29. b4 f6 30. Rd8+ Be8 31. Nc6 Nf5 32. b5 Kf7 33. Rd3
g5 34. fxg5 hxg5 35. Nd8+ Ke7 36. b6 Bb5 37. b7 Bxd3 38. b8=Q 1-0

[Event "España tch - Primera División Grupo 1"]
[Site "Burguillos ESP"]
[Date "2008.08.17"]
[Round "6.34"]
[White "Tamayo Romay, Javier"]
[Black "Barrero Garcia, Carlos"]
[Result "1/2-1/2"]
[PlyCount "35"]
[EventDate "2008.08.13"]
[EventType "team"]
[EventCountry "ESP"]
[Source "lmi"]
[SourceDate "2008.08.13"]
[WhiteElo "2217"]
[BlackElo "2339"]

1. e4 e6 2. d4 d5 3. e5 c5 4. c3 Qb6 5. Nf3 Nc6 6. Bd3 cxd4 7. cxd4 Bd7 8. O-O
Nxd4 9. Nxd4 Qxd4 10. Nc3 Qxe5 11. Re1 Qb8 12. Nxd5 Bd6 13. Qg4 Kf8 14. Bd2 Bc6
15. Bc3 e5 16. Nb4 Nf6 17. Nxc6 bxc6 18. Qf5 1/2-1/2

[Event "España tch - Primera División Grupo 1"]
[Site "Burguillos ESP"]
[Date "2008.08.17"]
[Round "6.42"]
[White "Tudela Corbalan, Carlos"]
[Black "Camacho Collados, Jose"]
[Result "1-0"]
[PlyCount "77"]
[EventDate "2008.08.13"]
[EventType "team"]
[EventCountry "ESP"]
[Source "lmi"]
[SourceDate "2008.08.13"]
[WhiteElo "2191"]
[BlackElo "2276"]

1. e4 c5 2. Nf3 Nc6 3. Nc3 e6 4. d4 cxd4 5. Nxd4 Nf6 6. Nxc6 bxc6 7. e5 Nd5 8.
Ne4 Qc7 9. f4 Qb6 10. c4 Bb4+ 11. Ke2 f5 12. Nd6+ Bxd6 13. cxd5 Bc5 14. d6 Bg1
15. Qe1 Qd4 16. Qh4 O-O 17. Rxg1 Qxg1 18. Be3 Ba6+ 19. Kf3 Qxf1+ 20. Rxf1 Bxf1
21. Qe1 Bc4 22. Qa5 Bd5+ 23. Kf2 Rfb8 24. b3 Kf7 25. Qc7 Ke8 26. Qa5 Rb5 27.
Qc3 a5 28. g4 a4 29. b4 Bxa2 30. gxf5 a3 31. Qc2 Bb1 32. Qxb1 a2 33. Qa1 Rxb4
34. fxe6 Rb1 35. exd7+ Kxd7 36. e6+ Kxe6 37. Qe5+ Kf7 38. Qe7+ Kg8 39. Bd4 1-0

[Event "España tch - Primera División Grupo 1"]
[Site "Burguillos ESP"]
[Date "2008.08.17"]
[Round "6.43"]
[White "Camacho Collados, Marcos"]
[Black "Ibarra Jerez, Juan Miguel"]
[Result "1-0"]
[PlyCount "95"]
[EventDate "2008.08.13"]
[EventType "team"]
[EventCountry "ESP"]
[Source "lmi"]
[SourceDate "2008.08.13"]
[WhiteElo "2230"]
[BlackElo "2186"]

1. e4 c5 2. Nf3 d6 3. d4 cxd4 4. Nxd4 Nf6 5. Nc3 a6 6. Be2 e6 7. O-O Nbd7 8. f4
Qc7 9. Bf3 h5 10. Kh1 Be7 11. Be3 Nb6 12. Bg1 g6 13. Qd3 Bd7 14. e5 Ng4 15.
exd6 Bxd6 16. Nxe6 Bxe6 17. Qd4 O-O-O 18. Qxb6 Qxb6 19. Bxb6 Bc7 20. Bxc7 Kxc7
21. h3 Ne3 22. Rf2 Rd4 23. Re1 Nf5 24. Be4 Ng3+ 25. Kh2 h4 26. Bxg6 Bc4 27. b3
fxg6 28. bxc4 Rxc4 29. Nd5+ Kb8 30. Ne7 Rh6 31. Re6 Ne4 32. Re2 Ng3 33. Rf2 Ne4
34. Rf3 Nd2 35. Rd3 Rxc2 36. Rd8+ Kc7 37. Red6 Nf1+ 38. Kg1 Ne3 39. R8d7+ Kb8
40. Rb6 Rc7 41. Rd8+ Ka7 42. Re6 Rc1+ 43. Kf2 Nd1+ 44. Kf3 Rh7 45. Nc8+ Rxc8
46. Rxc8 Rd7 47. Rxg6 b5 48. Rcc6 1-0

[Event "España tch - Primera División Grupo 1"]
[Site "Burguillos ESP"]
[Date "2008.08.17"]
[Round "6.44"]
[White "Garre Murcia, Pedro"]
[Black "Cuenca Jimenez, Francisco Javier"]
[Result "0-1"]
[PlyCount "78"]
[EventDate "2008.08.13"]
[EventType "team"]
[EventCountry "ESP"]
[Source "lmi"]
[SourceDate "2008.08.13"]
[WhiteElo "2171"]
[BlackElo "2130"]

1. e4 d5 2. exd5 Nf6 3. d4 Bg4 4. Nf3 Qxd5 5. Be2 Nc6 6. Be3 e6 7. Nbd2 Rd8 8.
c3 Be7 9. Qa4 O-O 10. h3 Bh5 11. O-O a6 12. Rfe1 Qd7 13. Bf4 Nd5 14. Bg3 Bg6
15. Nh4 Nb6 16. Qb3 Na5 17. Qd1 c5 18. Nxg6 hxg6 19. Nf3 cxd4 20. Qxd4 Qxd4 21.
Nxd4 Bd6 22. Bh4 Rd7 23. Bg5 e5 24. Nf3 Na4 25. Rab1 f6 26. Be3 b5 27. Kf1 Nc4
28. Bc1 Bc5 29. Rd1 Rfd8 30. Rxd7 Rxd7 31. Ke1 e4 32. Ng1 f5 33. Bd1 Bxf2+ 34.
Kxf2 Rxd1 35. Ne2 Nc5 36. b3 Nd3+ 37. Kg3 Na3 38. Ra1 Nc2 39. Rb1 Re1 0-1

[Event "España tch - Primera División Grupo 1"]
[Site "Burguillos ESP"]
[Date "2008.08.17"]
[Round "6.51"]
[White "Herraiz Hidalgo, Herminio"]
[Black "Medina Carrasco, Santiago"]
[Result "1-0"]
[PlyCount "168"]
[EventDate "2008.08.13"]
[EventType "team"]
[EventCountry "ESP"]
[Source "lmi"]
[SourceDate "2008.08.13"]
[WhiteElo "2507"]
[BlackElo "2214"]

1. d4 d5 2. c4 e6 3. Nc3 Nf6 4. Bg5 Be7 5. e3 h6 6. Bh4 O-O 7. Rc1 b6 8. Bxf6
Bxf6 9. cxd5 exd5 10. g3 c6 11. Bg2 Be6 12. Nge2 Nd7 13. O-O Re8 14. Nf4 Nf8
15. Qa4 Bd7 16. Qc2 Ne6 17. Nd3 Ng5 18. Rce1 Bf5 19. Qd1 Qd7 20. Nf4 Nh3+ 21.
Nxh3 Bxh3 22. Bxh3 Qxh3 23. Qf3 Rad8 24. Rc1 Rd6 25. Rc2 h5 26. Rfc1 Bg5 27.
Ne2 Rf6 28. Qg2 Qd7 29. Rc3 Rg6 30. h4 Bh6 31. f4 Rge6 32. Kf2 Qe7 33. Qf3 c5
34. b3 g6 35. Rd3 Bg7 36. f5 gxf5 37. Nf4 Re4 38. Nxd5 Qd7 39. dxc5 Qb5 40. Qe2
Qc6 41. Qxh5 R8e5 42. Nf4 bxc5 43. Rcd1 c4 44. Rd8+ Re8 45. bxc4 Rxe3 46. Rxe8+
Rxe8 47. Qxf5 Qxc4 48. Qd5 Qc2+ 49. Rd2 Qc1 50. Re2 Rxe2+ 51. Nxe2 Qb2 52. Qa8+
Kh7 53. Qxa7 Qf6+ 54. Kg1 Qe6 55. Qf2 Qxa2 56. Kg2 Qd5+ 57. Qf3 Qc4 58. Nf4
Qc2+ 59. Qe2 Qc6+ 60. Kh3 Qh1+ 61. Kg4 Qc6 62. Qd3+ Kg8 63. Qd8+ Kh7 64. Qd5
Qe8 65. Kf3 Kg8 66. Qe4 Qc8 67. Nd5 Qh3 68. Qe8+ Kh7 69. Nf4 Qf1+ 70. Kg4 Qd1+
71. Qe2 Qd7+ 72. Kf3 Kg8 73. Qd3 Qb7+ 74. Qd5 Qb2 75. Qa8+ Kh7 76. Kg4 Qb1 77.
Qd5 Kg8 78. Qd8+ Bf8 79. h5 Qh7 80. Qg5+ Bg7 81. Kh3 Qb1 82. Qd8+ Bf8 83. Kg4
Qh7 84. Kh4 Qb1 1-0

[Event "España tch - Primera División Grupo 1"]
[Site "Burguillos ESP"]
[Date "2008.08.17"]
[Round "6.52"]
[White "Barrantes Muñoz, Hugo Pedro"]
[Black "Fernandez Barrera, Victor"]
[Result "1/2-1/2"]
[PlyCount "114"]
[EventDate "2008.08.13"]
[EventType "team"]
[EventCountry "ESP"]
[Source "lmi"]
[SourceDate "2008.08.13"]
[WhiteElo "2200"]
[BlackElo "2319"]

1. d4 Nf6 2. Bg5 Ne4 3. Bf4 c5 4. f3 Qa5+ 5. c3 Nf6 6. Nd2 cxd4 7. Nb3 Qb6 8.
Qxd4 Nc6 9. Qxb6 axb6 10. Nd4 e5 11. Nxc6 exf4 12. Nd4 Nd5 13. Nh3 Bc5 14. e4
fxe3 15. Bc4 Ne7 16. O-O-O O-O 17. Nf4 Re8 18. g3 d5 19. Nxd5 Nxd5 20. Bxd5 e2
21. Rde1 Bxd4 22. cxd4 Bf5 23. Bb3 Re3 24. g4 Bg6 25. Kd2 Rxf3 26. Rxe2 Rd3+
27. Ke1 Rxd4 28. h3 h5 29. Rg1 Kf8 30. Kf2 Rc8 31. Rd1 Rcd8 32. Rxd4 Rxd4 33.
Kg3 f6 34. Re6 Rb4 35. Re2 Be8 36. Bd5 hxg4 37. hxg4 Bd7 38. Bf3 Kf7 39. Rd2
Be6 40. b3 Ke7 41. Rd3 g5 42. Rd2 Bd7 43. Rd3 Bc6 44. Re3+ Kd7 45. Rd3+ Kc7 46.
Bxc6 bxc6 47. Rf3 Rd4 48. Rxf6 b5 49. Rf5 Rd2 50. Rxg5 Rxa2 51. Rf5 Kd6 52. g5
Ra7 53. Kf4 c5 54. Rf6+ Ke7 55. Rc6 c4 56. bxc4 bxc4 57. Rxc4 Kf7 1/2-1/2

[Event "España tch - Primera División Grupo 1"]
[Site "Burguillos ESP"]
[Date "2008.08.17"]
[Round "6.53"]
[White "Espinosa Aranda, Angel"]
[Black "Romero Romero, Sebastian"]
[Result "0-1"]
[PlyCount "132"]
[EventDate "2008.08.13"]
[EventType "team"]
[EventCountry "ESP"]
[Source "lmi"]
[SourceDate "2008.08.13"]
[WhiteElo "2313"]
[BlackElo "2089"]

1. e4 c5 2. Nf3 Nc6 3. Nc3 Nf6 4. d4 cxd4 5. Nxd4 e5 6. Ndb5 d6 7. Bg5 a6 8.
Na3 b5 9. Nd5 Be7 10. Bxf6 Bxf6 11. c4 b4 12. Nc2 a5 13. g3 Ne7 14. Nxe7 Bxe7
15. Bg2 O-O 16. O-O Bg5 17. Qd3 Be6 18. Rad1 Qb6 19. b3 Rad8 20. Kh1 Bh6 21.
Qe2 Kh8 22. f4 f6 23. Ne3 Qc5 24. Rf3 Rd7 25. h3 Ra8 26. f5 Bf7 27. Ng4 Bg5 28.
Rfd3 h5 29. h4 Bxh4 30. gxh4 hxg4 31. Qxg4 Bg8 32. Qe2 Bf7 33. Bf3 Kg8 34. Qd2
Rad8 35. Rg1 Kf8 36. Qg2 Ke7 37. Qh2 Rg8 38. Be2 Qc6 39. Bf3 Qc5 40. Bd1 Rdd8
41. Rdg3 Qd4 42. Bc2 Rh8 43. Rd1 Qb2 44. Rxg7 Qxa2 45. Qg2 Rdg8 46. Rxg8 Rxg8
47. Qd2 Rd8 48. c5 d5 49. h5 d4 50. h6 d3 51. Bxd3 Qxd2 52. Rxd2 Bxb3 53. c6
Bg8 54. c7 Rc8 55. Rg2 b3 56. Ba6 b2 57. Rxb2 Rxc7 58. Rb8 Bh7 59. Bb7 a4 60.
Bd5 Kd6 61. Rb6+ Kc5 62. Rxf6 a3 63. Rf7 Rxf7 64. Bxf7 Kd6 65. f6 Bxe4+ 66. Kg1
Bd5 0-1

[Event "España tch - Primera División Grupo 1"]
[Site "Burguillos ESP"]
[Date "2008.08.17"]
[Round "6.54"]
[White "Gonzalez Marquez, Antonio Jesus"]
[Black "Ramirez Diaz, Jose Ramon"]
[Result "1/2-1/2"]
[PlyCount "60"]
[EventDate "2008.08.13"]
[EventType "team"]
[EventCountry "ESP"]
[Source "lmi"]
[SourceDate "2008.08.13"]
[WhiteElo "2076"]
[BlackElo "2119"]

1. e4 d6 2. d4 Nf6 3. Nc3 g6 4. Nf3 Bg7 5. h3 O-O 6. Be3 c6 7. a4 d5 8. e5 Ne4
9. Bd3 Nxc3 10. bxc3 c5 11. O-O Nc6 12. Qd2 f6 13. Bh6 fxe5 14. Bxg7 Kxg7 15.
Nxe5 Nxe5 16. dxe5 Bf5 17. Rfb1 Qd7 18. Qe3 Qc6 19. Rb5 b6 20. Rab1 Bxd3 21.
cxd3 d4 22. cxd4 cxd4 23. Qxd4 Rad8 24. Qe3 Qc2 25. R5b3 Qa2 26. Rb4 Rc8 27.
Qd4 Rcd8 28. Qb2 Qxb2 29. R1xb2 Rxd3 30. a5 Rf5 1/2-1/2

[Event "España tch - Primera División Grupo 1"]
[Site "Burguillos ESP"]
[Date "2008.08.17"]
[Round "6.61"]
[White "Vega Gutierrez, Sabrina"]
[Black "Cabrera, Alexis"]
[Result "0-1"]
[PlyCount "106"]
[EventDate "2008.08.13"]
[EventType "team"]
[EventCountry "ESP"]
[Source "lmi"]
[SourceDate "2008.08.13"]
[WhiteElo "2281"]
[BlackElo "2513"]

1. e4 c5 2. Nf3 Nf6 3. Nc3 d5 4. exd5 Nxd5 5. Bb5+ Bd7 6. Qe2 Nc7 7. Bxd7+ Qxd7
8. Ne5 Qe6 9. Qe4 f6 10. Nc4 Nc6 11. d3 Nd4 12. Ne3 O-O-O 13. a4 Qd7 14. Nb5 f5
15. Qe5 Ncxb5 16. axb5 e6 17. Rxa7 Bd6 18. Ra8+ Kc7 19. b6+ Kc6 20. Rxd8 Rxd8
21. Nc4 Nxc2+ 22. Kd1 Nb4 23. Qc3 Bb8 24. Ke2 Qxd3+ 25. Qxd3 Nxd3 26. Rd1 Nxc1+
27. Rxc1 Kb5 28. g3 e5 29. f3 Rd4 30. b3 e4 31. fxe4 Rxe4+ 32. Kd3 Be5 33. Rc2
Kb4 34. Rf2 g6 35. Nd2 Bd4 36. Rf3 Re6 37. g4 Rxb6 38. gxf5 gxf5 39. Rxf5 Rh6
40. Nf3 b5 41. Kc2 Bg7 42. Rf4+ Ka3 43. h4 Rg6 44. Ng5 Bd4 45. Re4 h6 46. Nf3
Rg2+ 47. Nd2 h5 48. Re8 Kb4 49. Re4 Rg4 50. Kd3 Rxe4 51. Nxe4 Kxb3 52. Ng3 Bf2
53. Nxh5 c4+ 0-1

[Event "España tch - Primera División Grupo 1"]
[Site "Burguillos ESP"]
[Date "2008.08.17"]
[Round "6.62"]
[White "Garcia Roman, Daniel"]
[Black "Camino Carrio, Nicanor"]
[Result "1-0"]
[PlyCount "75"]
[EventDate "2008.08.13"]
[EventType "team"]
[EventCountry "ESP"]
[Source "lmi"]
[SourceDate "2008.08.13"]
[WhiteElo "2428"]
[BlackElo "2196"]

1. d4 d5 2. c4 c6 3. e3 Nf6 4. Nf3 a6 5. Bd3 e6 6. Nbd2 c5 7. b3 Bd6 8. O-O O-O
9. Bb2 Nc6 10. Ne5 Bd7 11. cxd5 exd5 12. Nxd7 Qxd7 13. dxc5 Be5 14. Bxe5 Nxe5
15. Nf3 Rfe8 16. b4 Rad8 17. a3 h5 18. Nxe5 Rxe5 19. Be2 Qf5 20. Qd4 Rde8 21.
Bd3 Qe6 22. Rad1 g6 23. a4 Rg5 24. f4 Rg4 25. Be2 Rh4 26. Bf3 Ng4 27. Bxd5 Qc8
28. h3 Nxe3 29. Qf6 Nxd5 30. Rxd5 Rxh3 31. gxh3 Qxh3 32. Rd2 Qe3+ 33. Rdf2 h4
34. Qxh4 Kg7 35. Qg5 f6 36. Qg2 Rh8 37. Qxb7+ Kh6 38. Kg2 1-0

[Event "España tch - Primera División Grupo 1"]
[Site "Burguillos ESP"]
[Date "2008.08.17"]
[Round "6.63"]
[White "Vega Gutierrez, Belinda"]
[Black "Sanchez Romero, Miguel Angel"]
[Result "1/2-1/2"]
[PlyCount "84"]
[EventDate "2008.08.13"]
[EventType "team"]
[EventCountry "ESP"]
[Source "lmi"]
[SourceDate "2008.08.13"]
[WhiteElo "2129"]
[BlackElo "2259"]

1. e4 e5 2. Nf3 Nc6 3. Bb5 a6 4. Bxc6 dxc6 5. O-O Bg4 6. h3 h5 7. d3 Qf6 8. Be3
Bxf3 9. Qxf3 Qxf3 10. gxf3 Bd6 11. Nd2 Ne7 12. Nc4 Ng6 13. Rfd1 f6 14. Kf1 Kf7
15. Ke2 Rhg8 16. Rg1 Rad8 17. Rg3 Nf4+ 18. Bxf4 exf4 19. Nxd6+ cxd6 20. Rgg1 g5
21. a4 Rg7 22. c4 d5 23. cxd5 cxd5 24. Rgc1 Ke6 25. Rc5 Rgd7 26. Ra3 f5 27. Rb3
fxe4 28. dxe4 dxe4 29. fxe4 Rd2+ 30. Kf1 g4 31. Rb6+ R8d6 32. Rxd6+ Kxd6 33.
Rxh5 gxh3 34. Rxh3 Rxb2 35. Rd3+ Ke5 36. f3 Rb4 37. Rd5+ Ke6 38. a5 Rb2 39. Ke1
Ra2 40. Kf1 Rb2 41. Ke1 Ra2 42. Kf1 Rb2 1/2-1/2